000 00326nam a2200121Ia 4500
008 190216s9999||||xx |||||||||||||| ||und||
100 _aJeffrey A.Lee
245 4 _aThe Scientific Endeavor Methodology And Prespectives Of Science
260 _bPearson Education Asia
_c2000
300 _a100
650 _aPhysics
942 _cBK
999 _c34281
_d34281